O strachovanii strojenij graždan.
Oceňovanie stavieb pre ich povinné poistenie orgánmi komunálneho hospodárstva. Postup pri určovaní a výplate poistnej úhrady pre poistenie občianskych stavieb. Špeciálna príprava poistných pracovníkov pre určovanie príčin a motívov požiarov.
Na minha lista:
| Autor principal: | |
|---|---|
| Formato: | Capítulo de Livro |
| Idioma: | russo |
| Assuntos: | |
| Tags: |
Sem tags, seja o primeiro a adicionar uma tag!
|
MARC
| LEADER | 00000naa a2200000 4500 | ||
|---|---|---|---|
| 001 | r008013 | ||
| 005 | 20221208122615.2 | ||
| 041 | 0 | |a rus | |
| 044 | |a [SU] | ||
| 245 | 1 | 0 | |a O strachovanii strojenij graždan. |c V.S. Poljaničev |
| 520 | |a Oceňovanie stavieb pre ich povinné poistenie orgánmi komunálneho hospodárstva. Postup pri určovaní a výplate poistnej úhrady pre poistenie občianskych stavieb. Špeciálna príprava poistných pracovníkov pre určovanie príčin a motívov požiarov. | ||
| 610 | 2 | 0 | |a oceňovanie ekonomické |
| 610 | 2 | 0 | |a stavby |
| 610 | 2 | 0 | |a poistenie |
| 610 | 2 | 0 | |a hospodárstvo komunálne |
| 610 | 2 | 0 | |a náhrada škody |
| 610 | 2 | 0 | |a poisťovatelia |
| 100 | 1 | |a Poljaničev, V.S. | |